banner koha

Juscelino Kubitschek, o Brasileiro do Século XX / (Registro n. 7743)

MARC details
000 -LÍDER
campo de controle de tamanho fixo 01785nam a2200229 a 4500
001 - NÚMERO DE CONTROLE
campo de controle BS0002693
003 - IDENTIFICADOR DO NÚMERO DE CONTROLE
campo de controle BR-BrBNA
005 - DATA E HORÁRIO DA ÚLTIMA TRANSAÇÃO
campo de controle 20230418192111.0
008 - CAMPO DE DADOS FIXOS--INFORMAÇÃO GERAL
campo de controle de tamanho fixo 230308b |||||||| |||| 00| 0 por d
040 ## - FONTE DA CATALOGAÇÃO
Instituição da catalogação original BR-BrBNA
Idioma da catalogação por
Instituição que transcreveu o registro Biblioteca Nacional de Agricultura
041 ## - CÓDIGO DE IDIOMA
Código do idioma do texto/trilha sonora ou título diferente por
072 ## - CÓDIGO DE CATEGORIA DE ASSUNTO
Código de Categoria de Assunto B60
090 ## - NÚMERO DE CHAMADA LOCAL
Número de chamada B60 BS0002693
100 1# - ENTRADA PRINCIPAL--NOME PESSOAL
Nome pessoal Donato, Palmerinda
245 1# - TÍTULO
Título Juscelino Kubitschek, o Brasileiro do Século XX /
260 3# - PUBLICAÇÃO, DISTRIBUIÇÃO, ETC.
Local de publicação, distribuição, etc. Brasília, DF:
Nome do editor, distribuidor, etc. Valci,
Data da publicação, distribuição, etc. 1991.
300 ## - DESCRIÇÃO FÍSICA
Extensão 107 p.
520 3# - NOTA DE RESUMO, ETC
Resumo, etc. Comemorado por várias entidades brasileiras, o centenário de Juscelino Kubitschek é aclamado com uma grande obra literária, fruto do respeito e do carinho da escritora Palmerinda Donato pelo mais festejado estadista brasileiro. Suas realizações, seu carisma, estratégias de governo e todo o desfecho de sua vida pública são colocados com fidelidade e arte pela talentosa Palmerinda, reconhecidamente, uma das pessoas mais indicadas para tratar do assunto. Sim, porque, ainda jovem, Palmerinda estreitou laços de amizade com a família Kubitschek, ao ponto de dedicar-se totalmente às campanhas eleitorais de Juscelino, apoiando-o por toda a sua trajetória política, inclusive quando foi exilado. A inspiração que norteia toda a obra é fruto dessa proximidade e da consideração fortalecida pela confiança mútua, que se estenderam até os último dias de vida do presidente e de sua esposa D. Sarah. Restaram a saudade, a magnífica e inesquecível lembrança de JK a inquietar o coração e a verde literária de Palmerinda Donato, que hoje premia a história nacional com esse importante livro, a mais forte homenagem que pode ser feita à memória de Juscelino Kubitschek.
650 ## - ASSUNTO--TERMO TÓPICO
Cabeçalho tópico ou nome geográfico BIOGRAFIA
909 ## -
-- 202304
-- Sergio Santos
-- 56
-- Sergio Santos
942 ## - ELEMENTOS DE ENTRADA ADICIONADOS (KOHA)
Tipo de material Koha Livros
Exemplares
Situação do descarte Fonte da classificação ou esquema de arquivamento na estante Situação física Não pode ser emprestado Coleção Biblioteca de origem Biblioteca atual Total de empréstimos Número de telefone completo Código de barras Data de último acesso Número do exemplar Tipo de material Koha Situação das perdas Data de aquisição Fonte de aquisição Qualificador de local codificado Custo, preço normal de compra Número do inventário Custo, preço de reposição Preço efetivo de
  Classificação AGRIS     Acervo Cultural Espaço Ceres - QVT/MAPA Espaço Ceres - QVT/MAPA   B60 BS0002693 2023-436861 12/04/2023 01 Livros   2023-04-04 Doação B60        

BINAGRI

Telefone: (61)3218-2567/2388/3357/2097 - binagri@agro.gov.br

Ministério da Agricultura e Pecuária , Esplanada dos Ministérios, Bloco D, Anexo B, Brasília/DF, CEP: 70.043-900